000 00643nam a22001817a 4500
005 20251108174637.0
008 250721s2009 xx 000 0 ara d
082 1 4 _a573/كوف
100 1 _aالجراد، محمد عايد
_eمؤلف
245 1 0 _aتاريخ الإنساني الطبيعي الأنثروبولوجيا العضوية /
264 1 _aعمان :
_bعالم الكتب الحديث طباعة -نشر -توزيع،
_c2009.
300 _a156ص
650 1 7 _aالانثروبولوجيا
650 1 7 _aعلم الانسان
700 1 _aالكوفحي، قاسم محمد
_eآخر
942 _2ddc
_cBK
999 _c114317
_d114317